| 000 | 00652nam a2200241Ia 4500 | ||
|---|---|---|---|
| 003 | OSt | ||
| 005 | 20220918163204.0 | ||
| 006 | a|||||r|||| 00| 0 | ||
| 007 | ta | ||
| 008 | 220917b |||||||| |||| 00| 0 eng d | ||
| 020 | _a0 19 562478 5 (pbk) | ||
| 024 | _a199,164 | ||
| 037 | _cTextual | ||
| 040 |
_aARTS _cARTS _beng |
||
| 041 |
_2eng _aeng |
||
| 082 | _aV22:3(J).M, M9 | ||
| 100 |
_aLudden David _911853 |
||
| 245 | 0 | _aPeasant history in South India | |
| 260 |
_aBombay _bOxford university press _c1989 |
||
| 300 |
_axix, 310 p. _ccm. |
||
| 942 |
_hV22:3(J).M, M9 _cTEXL _2CC |
||
| 999 |
_c118308 _d118308 |
||